Australia Quiz - Statistics

General Stats
  • This quiz has been taken 13 times
  • The average score is 8 of 14
Answer Stats
Hint Answer % Correct
Capital city Canberra
100%
Largest city Sydney
100%
National Animal Emu/ Kangaroo
89%
Currency AUD/ Australian dollar
78%
Rock in the Centre Uluru
78%
Largest State Western Australia
78%
most visited country by australians Indonesia
56%
Year of Federation 1901
44%
Most popular sport AFL
44%
Current Prime minister Albanese
44%
first word of the anthem Australians
33%
National Plant Golden Wattle
22%
Official language None
22%
Longest River Murray River
11%
No matching quizzes found
Score Distribution
Percent of People with Each Score
Percentile by Number Answered
Your Score History
You have not taken this quiz